000 00348 a2200157 4500
001 48723
040 _cAnchieta - Bela Vista
100 _aBraz, Júlio Emílio
240 1 0 _aMeu primeiro amor
_lpor
245 1 0 _aMeu primeiro amor
300 _a21
362 0 _a2011
440 1 _aScipione
650 4 _aLiteratura infanto-juvenil
942 _cBK
999 _c48723
_d48723